000 00277nam a2200109Ia 4500
008 200302s9999 xx 000 0 und d
100 _aKevin Swingler
245 _aApplying Neural Networks A Practical Guide
260 _bAcademic Press Ltd.
260 _c1996
300 _a303 P.,
999 _c5565
_d5565